Impact of prominent kau rice varieties on the economic status of farmers in kerala and karnataka (Record no. 199420)

MARC details
000 -LEADER
fixed length control field 00431 a2200121 4500
082 ## - DEWEY DECIMAL CLASSIFICATION NUMBER
Classification number 338.1
Item number DHR/IM
100 ## - MAIN ENTRY--PERSONAL NAME
Personal name Dhruthiraj B. S. (Researcher)
245 ## - TITLE STATEMENT
Title Impact of prominent kau rice varieties on the economic status of farmers in kerala and karnataka
260 ## - PUBLICATION, DISTRIBUTION, ETC. (IMPRINT)
Place of publication, distribution, etc. Vellanikkara
Name of publisher, distributor, etc. COH
Date of publication, distribution, etc. 2016
650 ## - SUBJECT ADDED ENTRY--TOPICAL TERM
Topical term or geographic name as entry element Agricultural Economics
-- Rice varieties
-- Economic status of farmers
700 ## - ADDED ENTRY--PERSONAL NAME
Personal name Dr. Chitra Parayil (Guide)
942 ## - ADDED ENTRY ELEMENTS (KOHA)
Koha item type Theses
Holdings
Withdrawn status Lost status Source of classification or shelving scheme Damaged status Not for loan Collection code Home library Current library Shelving location Date acquired Total Checkouts Full call number Barcode Date last seen Price effective from Koha item type
    Dewey Decimal Classification       College of Agriculture, Vellanikkara College of Agriculture, Vellanikkara Reference 19/09/2016   338.1 DHR/IM KAU_COA-T-1678 19/09/2016 19/09/2016 Theses
Kerala Agricultural University Central Library
Thrissur-(Dt.), Kerala Pin:- 680656, India
Ph : (+91)(487) 2372219
E-mail: librarian@kau.in
Website: http://library.kau.in/